000 00699nam a2200181 a 4500
001 000035850
005 20200930074649.0
008 111115s1972 fr 000 0 fre d
040 _aDO-SdBNP
_bspa
_cBNPHU
082 _axxx
_bK86e
100 1 _aKossok, Manfred
_961828
245 1 0 _aL' espagne et son empire d' amerique :
_bHistoire des structurespolitiques économiques et sociales 1320-1824 /
_cManfred Kossok, Walter Markov ; traduit de l´allemand Marcel David et Charles Minguet.
260 _aParis :
_bEdiciones hispano-americanas,
_c1972.
300 _a135 p. ;
_c21 cm.
700 1 _aMarkov, Walter
_961829
700 1 _aDavid, Marcel,
_etr.
_961830
700 1 _aMinguet, Charles,
_etr.
_923923
999 _c35341
_d35341